Normal view
MARC view
Entry Personal Name
001 - CONTROL NUMBER
- control field: 16910
003 - CONTROL NUMBER IDENTIFIER
- control field: OSt
005 - DATE AND TIME OF LATEST TRANSACTION
- control field: 20240315145239.0
008 - FIXED-LENGTH DATA ELEMENTS
- fixed length control field: 240315|| aca||aabn | a|a d
040 ## - CATALOGING SOURCE
- Original cataloging agency: OSt
- Transcribing agency: OSt
100 ## - HEADING--PERSONAL NAME
- Personal name: Garcia-Molina, Hector; Ullman, D. Jeffrey; Widom, Jennifer
670 ## - SOURCE DATA FOUND
- Source citation: Work cat.: (OSt)2851: Garcia-Molina, Hector; Ullman, D. Jeffrey; Widom, Jennifer, Database Systems :the complete book , 2002
